| 000 | 01224nam0a22002771 4500 | ||
|---|---|---|---|
| 001 | rc\3752927 | ||
| 005 | 20130115154934.4 | ||
| 021 |
_aRU _b70-56964 |
||
| 021 |
_aRU _bРг3860-71 |
||
| 035 | _a(NLR Aleph) 007791145 | ||
| 090 |
_a7652848 _c7652848 |
||
| 100 | _a20130115d1970 |||y0rusy50 ca | ||
| 101 | 0 | _arus | |
| 102 | _aRU | ||
| 105 | _aa z ||||| | ||
| 200 | 1 |
_aСтроительные машины _e(Исследования прокола и резания грунта и дробления каменных материалов) _e[Сборник статей] _f[Ред. коллегия: проф. Н.И. Наумец (отв. ред.)] [и др.] _gМ-во высш. и сред. спец. образования РСФСР. Рост. инж.-строит. ин-т |
|
| 210 |
_aРостов-на-Дону _cБ. и. _d1970 |
||
| 215 |
_a66 с. _cил. _d21 |
||
| 320 | _aБиблиогр. в конце статей | ||
| 702 | 1 |
_aНаумец _bН. И. _gНиколай Иванович _4340 |
|
| 712 | 0 | 2 |
_aРостовский-на-Дону инж.-строит. ин-т _3RU\NLR\AUTH\883350 |
| 801 | 0 |
_aRU _bNLR _gpsbo |
|
| 801 | 1 |
_aRU _bELAR _2rusmarc |
|
| 852 |
_aNLR _j71-4/5989 |
||
| 942 | _cBOOK | ||
| 980 | _aNB | ||